Les transports en italien - Statistiques

Statistiques générales
  • Ce quiz a été pris 28 fois
  • Le résultat moyen est 8 sur 15
Statistiques - réponses
Hint Réponse % Correct
Train Treno
88%
Vélo Bici
82%
Métro Metro
82%
Moto Moto
82%
Voiture Macchina
76%
Scooter Scooter
76%
Bus Autobus
71%
Tramway Tram
71%
Avion Aereo
59%
Camion Camion
53%
Bateau Nave
41%
Hélicoptère Elicottero
18%
Ferry Traghetto
18%
Camping-car Camper
6%
Trottinette Monopattino
0%
Aucun quiz correspondant
Distribution des résultats
% des personnes avec chaque résultat
Percentile par nombre de réponses
Votre historique - résultats
Vous n’avez pas pris ce quiz